Lágrimas desordenadas - Melendi - Estadísticas

Estadísticas generales
  • Esta prueba ha sido intentada 72 veces
  • La puntuación promedio es 286 de 325
Estadísticas de respuestas
Respuesta % Correcto
a
100%
de
100%
la
100%
con
98%
Es
98%
es
98%
mi
98%
no
98%
No
98%
por
98%
que
98%
un
98%
desordenadas
96%
el
96%
El
96%
en
96%
ha
96%
Lágrimas
96%
Si
96%
Y
96%
y
96%
corazón
93%
las
93%
los
93%
porque
93%
se
93%
Se
93%
su
93%
Una
93%
una
93%
al
91%
botella
91%
encontrado
91%
está
91%
limón
91%
llamas
91%
manera
91%
medio
91%
pecho
91%
solo
91%
tu
91%
agua
89%
brotan
89%
callejón
89%
horizonte
89%
llora
89%
mama
89%
mis
89%
noche
89%
oficina
89%
ojos
89%
pa
89%
Pegado
89%
puta
89%
remojo
89%
salada
89%
Salada
89%
tus
89%
viste
89%
vivir
89%
Voy
89%
asaltos
87%
aún
87%
bebiendo
87%
busca
87%
día
87%
estoy
87%
flotan
87%
horario
87%
loco
87%
pienses
87%
puse
87%
recuerdos
87%
Superman
87%
ti
87%
todo
87%
ve
87%
vida
87%
aprendido
85%
cien
85%
pasarme
85%
quien
85%
soy
85%
Soy
85%
sujeto
85%
disimular
83%
gatos
83%
más
83%
Más
83%
siin
83%
sin
83%
calavera
80%
del
80%
Lucha
80%
huir
78%
Vive
78%
alta
76%
cuanto
76%
fondo
76%
le
76%
verja
76%
manda
74%
oh
74%
salto
74%
vacía
74%
bar
70%
caderas
67%
caen
67%
llaves
67%
vez
67%
Cada
65%
cabina
63%
Para
57%
pasando
52%
entre
50%
he
48%
sigue
48%
arriba
46%
jardín
46%
piernas
46%
alegría
43%
días
43%
divertidos
43%
hacer
43%
patas
43%
sueño
43%
dormía
41%
soñao
37%
dejao
35%
plantao
33%
No se encontraron pruebas coincidentes
Distribución de puntuación
Porcentaje de gente con cada puntuación
Porcentaje por número respondido
Historial de tus puntuaciones
No has intentado esta prueba.